| 000 | 00351nam a22001457a 4500 | ||
|---|---|---|---|
| 008 | 250417b ||||| |||| 00| 0 eng d | ||
| 020 | _a9781840226294 | ||
| 041 | _aeng | ||
| 080 |
_22010 _a82DOS |
||
| 082 |
_282DOS _a82DOS |
||
| 100 | _a01 | ||
| 101 | _aGJUHE DHE LETERSI | ||
| 245 |
_aTHE HOUSE OF THE DEAD _cFYODOR DOSTOEVSKY |
||
| 942 |
_2udc _cBK |
||
| 999 |
_c60660 _d60660 |
||